Statistics for Obscure European Countries by Picture

Click here to take the quiz!

General Stats

  • This quiz has been taken 51 times
  • The average score is 12 of 15

Answer Stats

Answer% Correct
Vatican City
98%
Andorra
90%
Monaco
90%
Latvia
88%
Liechtenstein
86%
Belarus
84%
Montenegro
82%
Luxembourg
80%
Moldova
80%
Slovenia
80%
Malta
78%
Slovakia
78%
Kosovo
73%
Albania
69%
Macedonia
69%

Score Distribution

Percentile by Number Answered

Percent of People with Each Score

Your Score History

You have not taken this quiz